000 01302cam a2200409Li 4500
001 93482
005 20230410132923.0
008 090630s19779999sp f b 001 m spa d
035 _a(OCoLC)ocn496953073
040 _aZWZ
_encafnor
_bfre
_cZWZ
020 _a9788424902440
029 0 _aZWZ
_b134632737
035 _a(OCoLC)496953073
041 1 _aspa
_hgrc
050 1 4 _aB 171
_bB582 1977
100 0 _aJuliano
130 1 _aBiblioteca Clásica Gredos.
245 1 0 _aContra los galileos ; Cartas y fragmentos ; Testimonios /
_cJuliano ; introducciones, traducción y notas por José García Blanco y Pilar Jiménez Gazapo.
260 _aMadrid :
_bGredos,
_c1977.
300 _a1 vol. (351 p.) ;
_c20 cm.
490 1 _aBiblioteca clásica Gredos ;
_vn.47
504 _aNotes bibliogr. Index.
505 1 _aLeyes
650 0 _aPhilosophy, Classical.
650 0 _aPhilosophy, Ancient.
650 0 _aPhilosophers, Ancient
_xBiography
700 1 _aGarcía Blanco, José.
_ePréf.
_eTrad.
_eComment.
700 1 _aJiménez Gazapo, Pilar.
_ePréf.
_eTrad.
_eComment.
740 0 2 _aLeyes.
777 0 _tCartas y fragmentos
777 0 _tTestimonios
777 0 _tLeyes
830 0 _aBiblioteca clásica Gredos ;
_v47.
942 _2lcc
_cbk
946 _amjcruz
994 _aC0
_bDRFGD
999 _c90197
_d90197